Il nuovo sistema penale della Chiesa

Saved in:
Bibliografiske detaljer
Hovedforfatter: Pighin, Bruno Fabio (autore)
Format: Ukendt
Sprog:engelsk
Udgivet: Venezia, Italia: Marcianum Press, 2021
Serier:Manuali, 15
Fag:
Tags: Tilføj Tag
Ingen Tags, Vær først til at tagge denne postø!

MARC

LEADER 00000 a2200000 4500
003 CL-VaPUC
005 20220412163455.0
008 220404b2021 ||||| |||| 00| 0 eng d
999 |c 434387  |d 434385 
020 |a 9788865128169 
040 |c Pontificia Universidad Católica de Valparaíso 
082 7 |a 262.9 PIG 2021  |2 22 
100 1 |a Pighin, Bruno Fabio   |9 865409  |e autore 
245 1 3 |a Il nuovo sistema penale della Chiesa 
260 |a Venezia, Italia:  |b Marcianum Press,  |c 2021 
300 |a 655 páginas  
490 |a Manuali,  |v 15 
583 |k Cristina María Rojas Aguilar  |c 20220404 
610 0 |a Iglesia Católica  |9 860726  |x Sistema penal  |y 2021 
650 0 |a Derecho penal canónico  |9 470784 
650 0 |a Procedimiento penal canónico  |9 255057 
942 |2 ddc  |c BK 
952 |0 0  |1 0  |2 ddc  |4 0  |6 262_900000000000000_PIG_2021  |7 0  |8 A  |9 582275  |a BIBDER  |b BIBDER  |c GEN  |d 2022-03-30  |e 74  |g 64723.00  |i 5650497  |l 1  |m 5  |o 262.9 PIG 2021  |p 5650497  |q 2025-12-31  |r 2022-04-18  |s 2022-04-18  |t 1  |v 64723.00  |w 2022-03-30  |y BK  |k DER